Como si el ruido pudiera molestar /

Al monito, al piojo, al coatí, al tapir, a todos los animales del monte les encanta escuchar los cuentos del sapo. Porque ellos saben que el sapo, además de ser un animal de pelea y no tenerle miedo a nada, es un animal muy sabio. Y así les cuenta del día en que se inventó el año nuevo, de cuando ve...

Descripción completa

Guardado en:
Autor Principal: Roldán, Gustavo.
Otros Autores: Scafati, Luis; il.
Formato: Libro
Idioma:Undetermined
Publicado: Buenos Aires : Norma, 2017.
Edición:25 reimp.
Series:Torre de papel. Roja
Materias:
Etiquetas: Agregar Etiqueta
Sin Etiquetas, Sea el primero en etiquetar este registro!
LEADER 01421nam a22002655a 4500
001 CEM.cems025008
008 251205s2017####ag############000#0#und#d
005 20251205151447.0
245 1 0 |a Como si el ruido pudiera molestar /  |c Gustavo Roldán; ilustrado por Luis Scafati. 
250 |a 25 reimp. 
260 |a Buenos Aires :  |b Norma,  |c 2017. 
300 |a 61 p. 
490 1 |a Torre de papel. Roja 
500 |a Edad sugerida: a partir de los 7 años. 
505 0 |a Como si el ruido pudiera molestar -- El día que se inventó el año nuevo -- Animal de pelea -- El tamaño del miedo -- Historia del alacrán -- Nadie es más grande que su sombra 
520 |a Al monito, al piojo, al coatí, al tapir, a todos los animales del monte les encanta escuchar los cuentos del sapo. Porque ellos saben que el sapo, además de ser un animal de pelea y no tenerle miedo a nada, es un animal muy sabio. Y así les cuenta del día en que se inventó el año nuevo, de cuando venció el sólo a más de mil dragones y de cómo, a pesar de las formas y los tamaños que es capaz de adoptar, logró vencer al miedo. 
020 |a 9789580452379 
100 1 |a Roldán, Gustavo. 
700 1 |a Scafati, Luis; il. 
653 |a Literatura 
653 |a Literatura Argentina 
653 |a Cuentos 
653 |a Cuentos Infantiles 
653 |a Literatura Infantil 
859 |a CEMS  |b BIB. CEMS - Ccias. Educacion  |h A868.4  |i R643-14  |k CE  |p 30567.25  |t Ej.1